| 000 | 00696nam a2200229 i 4500 | ||
|---|---|---|---|
| 001 | 21505 | ||
| 003 | ES-MaACL | ||
| 005 | 20240529062939.0 | ||
| 007 | t| | ||
| 008 | 021126s1967 sp ||||1| spa d | ||
| 100 | 0 |
_aAlbornoz, Aurora de, _d1926-1990 _919411 |
|
| 245 | 1 | 0 |
_aEn busca de esos niños en hilera / _cAurora de Albornoz. |
| 250 | _a[1ª ed.]. | ||
| 260 |
_aSantander : _bLa Isla de los Ratones, _c1967. |
||
| 300 |
_a65 p. ; _c17 cm. |
||
| 490 | 1 |
_aColección "Poetas de Hoy" ; _v48 |
|
| 830 |
_aColección "Poetas de Hoy" ; _v48 _9189058 |
||
| 852 |
_aES-MaACL _jC-34286 _bR.64852 |
||
| 852 |
_aES-MaACL _jB-10524 _bR.65495 |
||
| 942 | _2udc | ||
| 999 |
_c21505 _d21505 |
||